[Event "BL 2122 (Women)"]
[Site "Germany"]
[Date "2022.05.25"]
[Round "9.4"]
[White "Ionica, Iulia Ionela"]
[Black "Zschischang, Marine"]
[Result "1/2-1/2"]
[WhiteElo "2186"]
[BlackElo "2076"]
[PlyCount "148"]
[EventDate "2021.11.27"]
[EventType "team-tourn"]
[EventRounds "11"]
[EventCountry "GER"]
[SourceTitle "EXT 2023"]
[Source "ChessBase"]
[SourceDate "2022.10.05"]
[SourceVersion "1"]
[SourceVersionDate "2022.10.05"]
[SourceQuality "1"]
[WhiteTeam "Hemer (W)"]
[BlackTeam "Lehrte (W)"]
[WhiteTeamCountry "GER"]
[BlackTeamCountry "GER"]

1. e4 e6 2. d4 d5 3. Nc3 dxe4 4. Nxe4 Nd7 5. g3 Ngf6 6. Nxf6+ Nxf6 7. Bg2 c5 8. Nf3 Qb6 9. 0-0 Bd7 10. a4 a5 11. dxc5 Bxc5 12. Ne5 Rd8 13. Qe2 Bc6 14. Nc4 Qa7 15. Bxc6+ bxc6 16. Bd2 Bb4 17. Be3 Bc5 18. Bd2 Bb4 19. c3 Bc5 20. Bg5 Rd5 21. Be3 0-0 22. b4 axb4 23. cxb4 Bd4 24. Ra2 Ne4 25. Qc2 Nd6 26. Bxd4 Rxd4 27. Nxd6 Rxd6 28. b5 cxb5 29. axb5 Qb7 30. Rb1 Rb6 31. Qa4 Rb8 32. Rab2 g6 33. h4 h5 34. Qc4 Qf3 35. Rb3 Qf5 36. Rb4 Kg7 37. Qc3+ Qf6 38. Qd2 Qf5 39. Qc3+ Qf6 40. Qb3 Qe5 41. Qd3 R8b7 42. Re4 Qc5 43. Rc4 Qf5 44. Qxf5 gxf5 45. Rcb4 Rd7 46. Kf1 Rd5 47. Ke2 e5 48. Ke3 Kf6 49. R4b3 Kg6 50. R1b2 Kf6 51. f3 Kg6 52. Rb4 Kf6 53. Rb1 Ke6 54. R1b2 Kf6 55. Kf2 Kg6 56. Kg2 Kh6 57. Kh3 Rc5 58. g4 Kg6 59. gxh5+ Kxh5 60. Rg2 Rcxb5 61. Rg5+ Kh6 62. Rxb5 Rxb5 63. Rxf5 Kg6 64. Rg5+ Kh6 65. Rg1 Rb4 66. Re1 f6 67. Re4 Rb1 68. Kg4 Kg6 69. h5+ Kf7 70. Ra4 Rg1+ 71. Kh4 Rh1+ 72. Kg4 Rg1+ 73. Kh3 Rh1+ 74. Kg4 Rg1+ 1/2-1/2

[Event "Oberliga Nord W 2122"]
[Site "Germany"]
[Date "2022.05.01"]
[Round "9.4"]
[White "Nielsen, Lars"]
[Black "Zschischang, Marine"]
[Result "1-0"]
[WhiteElo "2055"]
[BlackElo "2062"]
[PlyCount "120"]
[EventDate "2021.10.10"]
[EventType "team-tourn"]
[EventRounds "9"]
[EventCountry "GER"]
[SourceTitle "EXT 2023"]
[Source "ChessBase"]
[SourceDate "2022.10.05"]
[SourceVersion "1"]
[SourceVersionDate "2022.10.05"]
[SourceQuality "1"]
[WhiteTeam "Salzgitter"]
[BlackTeam "Lehrte"]
[WhiteTeamCountry "GER"]
[BlackTeamCountry "GER"]

1. e4 e6 2. d4 d5 3. exd5 exd5 4. Bd3 Nf6 5. h3 Bd6 6. Qf3 c6 7. Bg5 Nbd7 8. Nd2 Qb6 9. Ne2 0-0 10. 0-0 a5 11. c4 dxc4 12. Nxc4 Qc7 13. Nc3 h6 14. Bd2 b5 15. Nxd6 Qxd6 16. Nxb5 cxb5 17. Qxa8 Qxd4 18. Rac1 Qxd3 19. Bxa5 Nb6 20. Bxb6 Bxh3 21. Qa3 Qxa3 22. bxa3 Be6 23. Rfd1 Bxa2 24. Rc5 Bb3 25. Rd3 Ba4 26. Rd8 Ne4 27. Rcc8 Rxd8 28. Rxd8+ Kh7 29. Bd4 Ng5 30. Rb8 Ne6 31. Be3 Kg6 32. Kf1 Bb3 33. Ke1 Bc4 34. Kd2 Kf5 35. Rc8 Bf1 36. g3 h5 37. f3 g5 38. Rc1 Bg2 39. Rb1 Bxf3 40. Rxb5+ Kg4 41. Bf2 f5 42. Rb6 Nc7 43. a4 Be4 44. Ke2 Nd5 45. Rb3 h4 46. gxh4 gxh4 47. a5 Nc7 48. Bg1 Na6 49. Ra3 Bc6 50. Rb3 f4 51. Rb6 Bd5 52. Kd3 Bg2 53. Rg6+ Kf3 54. Bh2 Nc5+ 55. Kc4 Na6 56. Rf6 Bf1+ 57. Kd4 Kg2 58. Bxf4 h3 59. Ke3 Bb5 60. Rg6+ Kh1 1-0

[Event "BL 2122 (Women)"]
[Site "Germany"]
[Date "2022.04.10"]
[Round "8.4"]
[White "Ambartsumova, Karina"]
[Black "Zschischang, Marine"]
[Result "1-0"]
[WhiteElo "2382"]
[BlackElo "2076"]
[PlyCount "42"]
[EventDate "2021.11.27"]
[EventType "team-tourn"]
[EventRounds "11"]
[EventCountry "GER"]
[SourceTitle "EXT 2023"]
[Source "ChessBase"]
[SourceDate "2022.10.05"]
[SourceVersion "1"]
[SourceVersionDate "2022.10.05"]
[SourceQuality "1"]
[WhiteTeam "Schwaebisch Hall (W)"]
[BlackTeam "Lehrte (W)"]
[WhiteTeamCountry "GER"]
[BlackTeamCountry "GER"]

1. d4 e6 2. c4 d5 3. Nc3 c6 4. e4 dxc4 5. Bxc4 b5 6. Be2 Nf6 7. e5 Nd5 8. Ne4 f5 9. exf6 Nxf6 10. Bh5+ g6 11. Bf3 Nxe4 12. Bxe4 Bb4+ 13. Kf1 0-0 14. Nf3 Bd6 15. h4 Bf4 16. Qc2 Qe7 17. h5 g5 18. h6 Nd7 19. g3 Bxg3 20. Bxg5 Qf7 21. fxg3 Nf6 1-0

[Event "Oberliga Nord W 2122"]
[Site "Germany"]
[Date "2022.03.06"]
[Round "7.3"]
[White "Ackermann, Dennie"]
[Black "Zschischang, Marine"]
[Result "1-0"]
[WhiteElo "2117"]
[BlackElo "2062"]
[PlyCount "115"]
[EventDate "2021.10.10"]
[EventType "team-tourn"]
[EventRounds "9"]
[EventCountry "GER"]
[SourceTitle "EXT 2023"]
[Source "ChessBase"]
[SourceDate "2022.10.05"]
[SourceVersion "1"]
[SourceVersionDate "2022.10.05"]
[SourceQuality "1"]
[WhiteTeam "Hannover"]
[BlackTeam "Lehrte"]
[WhiteTeamCountry "GER"]
[BlackTeamCountry "GER"]

1. d4 d5 2. Bf4 c5 3. Nc3 Nc6 4. e4 Nxd4 5. Nxd5 Ne6 6. Be5 Nf6 7. c3 Nxd5 8. exd5 Nc7 9. Qf3 f6 10. Bg3 g6 11. Rd1 Kf7 12. Bc4 Kg7 13. Ne2 Ne8 14. Nf4 Nd6 15. Bb3 c4 16. Bc2 Qa5 17. Bb1 Qb6 18. Rd2 Kf7 19. 0-0 Bh6 20. Re1 Re8 21. Rde2 Qc5 22. Ne6 Bxe6 23. Rxe6 Rad8 24. Be5 Bg7 25. Bd4 Qc7 26. Qe3 b6 27. Bc2 Qd7 28. Ba4 b5 29. Bc2 Ra8 30. a4 a6 31. h4 Rad8 32. h5 Nf5 33. hxg6+ hxg6 34. Bxf5 gxf5 35. axb5 axb5 36. Bb6 Rb8 37. Bc5 Qxd5 38. Rxe7+ Rxe7 39. Qxe7+ Kg8 40. Bd4 Qf7 41. Qc5 Qh5 42. Qd5+ Qf7 43. Qxf5 b4 44. cxb4 Rxb4 45. Qc8+ Kh7 46. Re3 Rb5 47. Bc5 Rb3 48. Qf5+ Qg6 49. Qxg6+ Kxg6 50. Rxb3 cxb3 51. Bd4 Kf5 52. f3 Ke6 53. Kf2 Kd5 54. Bc3 Kc4 55. Ke2 Kd5 56. g4 Ke6 57. g5 Kf5 58. Bxf6 1-0

[Event "BL 2122 (Women)"]
[Site "Germany"]
[Date "2021.11.27"]
[Round "1.4"]
[White "Adamowicz, Katarzyna"]
[Black "Zschischang, Marine"]
[Result "1/2-1/2"]
[WhiteElo "2108"]
[BlackElo "2076"]
[PlyCount "99"]
[EventDate "2021.11.27"]
[EventType "team-tourn"]
[EventRounds "11"]
[EventCountry "GER"]
[SourceTitle "EXT 2023"]
[Source "ChessBase"]
[SourceDate "2022.10.05"]
[SourceVersion "1"]
[SourceVersionDate "2022.10.05"]
[SourceQuality "1"]
[WhiteTeam "Harksheide (W)"]
[BlackTeam "Lehrte (W)"]
[WhiteTeamCountry "GER"]
[BlackTeamCountry "GER"]

1. e4 e6 2. d4 d5 3. e5 c5 4. c3 Nc6 5. f4 Qb6 6. Nf3 cxd4 7. cxd4 Nh6 8. Nc3 Nf5 9. Bb5 h5 10. a3 Bd7 11. Bxc6 Bxc6 12. b4 Rc8 13. Qd3 a6 14. 0-0 Bb5 15. Nxb5 Qxb5 16. Qxb5+ axb5 17. Bb2 Be7 18. Rfc1 Kd7 19. Rxc8 Rxc8 20. Rc1 Rc4 21. Kf2 Bd8 22. Ke2 Nh4 23. Nxh4 Bxh4 24. Kd3 Rxc1 25. Bxc1 Bd8 26. Be3 Ke8 27. Ke2 f6 28. Kf3 Kf7 29. g3 Kg6 30. h3 Bb6 31. g4 hxg4+ 32. hxg4 Bd8 33. Bc1 Be7 34. Bb2 Bd8 35. Bc1 Bc7 36. Bb2 Bb6 37. Bc3 Ba7 38. Bb2 Bb8 39. Bc3 Bc7 40. Bb2 Bd8 41. Bc3 f5 42. Bb2 Bh4 43. Bc3 fxg4+ 44. Kxg4 Bf2 45. Kf3 Bg1 46. Bb2 Kf5 47. Bc3 g6 48. Bb2 g5 49. fxg5 Kxg5 50. Bc3 1/2-1/2

[Event "Oberliga Nord W 2122"]
[Site "Germany"]
[Date "2021.11.21"]
[Round "3.4"]
[White "Zschischang, Marine"]
[Black "Koch, Yannick"]
[Result "1/2-1/2"]
[WhiteElo "2062"]
[BlackElo "2087"]
[PlyCount "102"]
[EventDate "2021.10.10"]
[EventType "team-tourn"]
[EventRounds "9"]
[EventCountry "GER"]
[SourceTitle "EXT 2023"]
[Source "ChessBase"]
[SourceDate "2022.10.05"]
[SourceVersion "1"]
[SourceVersionDate "2022.10.05"]
[SourceQuality "1"]
[WhiteTeam "Lehrte"]
[BlackTeam "Hameln"]
[WhiteTeamCountry "GER"]
[BlackTeamCountry "GER"]

1. d4 Nf6 2. Nf3 d5 3. c4 e6 4. Nc3 Be7 5. Bg5 0-0 6. e3 b6 7. cxd5 exd5 8. Qc2 Bb7 9. 0-0-0 Ne4 10. Bxe7 Qxe7 11. Kb1 Nd7 12. Bd3 Rfe8 13. h4 c5 14. Bb5 Red8 15. Bxd7 Rxd7 16. dxc5 Nxc3+ 17. Qxc3 bxc5 18. Qe5 Rad8 19. Rd2 d4 20. Qxe7 Rxe7 21. exd4 Bxf3 22. gxf3 cxd4 23. Rhd1 Red7 24. Rd3 g6 25. Rg1 Kg7 26. Rg5 Re8 27. Rc5 Re1+ 28. Rc1 Re5 29. Rc4 Red5 30. b4 Kh6 31. Kc2 Kh5 32. Rd1 Rf5 33. Rdxd4 Rxd4 34. Rxd4 Rxf3 35. b5 Rxf2+ 36. Kb3 f5 37. Rd7 Kxh4 38. Rxh7+ Kg4 39. Rxa7 Rf1 40. Kc2 Rf2+ 41. Kc3 Rf1 42. b6 Rb1 43. Ra4+ f4 44. Rb4 Rxb4 45. Kxb4 f3 46. b7 f2 47. b8Q f1Q 48. Qc8+ Qf5 49. Qc4+ Kh3 50. a4 Qf8+ 51. Kb3 Qf3+ 1/2-1/2

[Event "BL 1920 (Women)"]
[Site "Germany"]
[Date "2021.09.04"]
[Round "10.5"]
[White "Zschischang, Marine"]
[Black "Just, Anita"]
[Result "1/2-1/2"]
[WhiteElo "2043"]
[BlackElo "1874"]
[PlyCount "120"]
[EventDate "2019.09.14"]
[EventType "team-tourn"]
[EventRounds "11"]
[EventCountry "GER"]
[SourceTitle "EXT 2022"]
[Source "ChessBase"]
[SourceDate "2021.10.06"]
[SourceVersion "1"]
[SourceVersionDate "2021.10.06"]
[SourceQuality "1"]
[WhiteTeam "Lehrte (W)"]
[BlackTeam "Leipzig Weissblau (W)"]
[WhiteTeamCountry "GER"]
[BlackTeamCountry "GER"]

1. d4 e6 2. Nf3 f5 3. d5 Be7 4. dxe6 dxe6 5. Qxd8+ Bxd8 6. Bf4 Nf6 7. Nc3 0-0 8. e3 Nd5 9. Nxd5 exd5 10. 0-0-0 c6 11. c4 Be6 12. Nd4 Bf7 13. Nxf5 Bh5 14. f3 Rxf5 15. g4 Rxf4 16. exf4 Bf7 17. cxd5 cxd5 18. Bc4 Bc7 19. Bxd5 Bxf4+ 20. Kb1 Bxd5 21. Rxd5 Nc6 22. h4 Rf8 23. Rd7 b6 24. Re1 Ne5 25. Rxa7 Nxf3 26. Ree7 Be5 27. g5 Nd4 28. a4 Nc6 29. Rxe5 Nxe5 30. Rb7 Rf1+ 31. Kc2 Rf4 32. b3 Rxh4 33. Rxb6 Nd7 34. Rb5 Re4 35. Rd5 Ne5 36. Rc5 Kf7 37. a5 Nd7 38. Rc7 Ke7 39. a6 Re6 40. Ra7 Rb6 41. Kc3 Kd6 42. b4 Kc6 43. Ra8 Kc7 44. a7 Rc6+ 45. Kb3 Kb7 46. Rg8 Kxa7 47. Rxg7 Rc7 48. Kb2 Kb6 49. Rxh7 Ne5 50. Rxc7 Kxc7 51. Kb3 Kb6 52. Ka4 Ng6 53. b5 Ne5 54. Kb4 Ng6 55. Kc4 Ne7 56. Kd4 Kxb5 57. Ke5 Kc6 58. Kf6 Kd7 59. Kf7 Kd6 60. Kf6 Kd7 1/2-1/2

[Event "GER-ch Blitz (Women)"]
[Site "Magdeburg"]
[Date "2021.08.01"]
[Round "10"]
[White "Michna, Marta"]
[Black "Zschischang, Marine"]
[Result "1-0"]
[WhiteElo "2341"]
[BlackElo "2070"]
[PlyCount "61"]
[EventDate "2021.08.01"]
[EventType "tourn (blitz)"]
[EventRounds "21"]
[EventCountry "GER"]
[SourceTitle "CBM 203 Extra"]
[Source "ChessBase"]
[SourceDate "2021.09.30"]
[SourceVersion "1"]
[SourceVersionDate "2021.09.30"]
[SourceQuality "1"]

1. d4 e6 2. c3 d5 3. Bf4 c5 4. e3 Qb6 5. Qb3 c4 6. Qc2 Bd6 7. Nf3 Bxf4 8. exf4 Qc7 9. g3 f5 10. Bg2 Nf6 11. 0-0 Ne4 12. Nbd2 0-0 13. Rfe1 Nd7 14. Nf1 Ndf6 15. Ne5 Bd7 16. Re2 Be8 17. Rae1 Bh5 18. f3 Nd6 19. h3 a5 20. g4 Be8 21. Ng3 Nd7 22. Qd2 b5 23. h4 Nb6 24. Bh3 g6 25. Kh1 Qg7 26. h5 Qe7 27. Rg1 Qh4 28. Rh2 gxh5 29. g5 Ne4 30. fxe4 fxe4 31. Bxe6+ 1-0

[Event "GER-ch Blitz (Women)"]
[Site "Magdeburg"]
[Date "2021.08.01"]
[Round "18"]
[White "Paehtz, Elisabeth"]
[Black "Zschischang, Marine"]
[Result "1-0"]
[WhiteElo "2466"]
[BlackElo "2070"]
[PlyCount "95"]
[EventDate "2021.08.01"]
[EventType "tourn (blitz)"]
[EventRounds "21"]
[EventCountry "GER"]
[SourceTitle "CBM 203 Extra"]
[Source "ChessBase"]
[SourceDate "2021.09.30"]
[SourceVersion "1"]
[SourceVersionDate "2021.09.30"]
[SourceQuality "1"]

1. d4 d5 2. Bf4 h5 3. e3 e5 4. Bxe5 f6 5. Nf3 fxe5 6. Nxe5 Bf5 7. Bd3 Ne7 8. Bxf5 Nxf5 9. Qf3 Nd6 10. Qxd5 c6 11. Qe6+ Qe7 12. Qh3 Rh6 13. Nd2 Nd7 14. Ndf3 Qe6 15. Qg3 Nxe5 16. Nxe5 Nf5 17. Qf4 Bd6 18. 0-0-0 Rf6 19. Kb1 0-0-0 20. Qe4 g6 21. f4 Ne7 22. Rhf1 Bxe5 23. fxe5 Rxf1 24. Rxf1 Nf5 25. c3 Qd5 26. Qf3 Qxf3 27. Rxf3 Kd7 28. Kc2 Ke6 29. Kd2 g5 30. g3 g4 31. Rf4 Ne7 32. Rf6+ Kd7 33. Rh6 Rf8 34. Ke2 Rf5 35. e4 Rf8 36. Rxh5 Ke6 37. Rh6+ Kd7 38. Rh4 Rg8 39. Ke3 b6 40. c4 a5 41. d5 Ng6 42. Rh7+ Kc8 43. e6 Ne5 44. b3 a4 45. Ra7 Kb8 46. Rxa4 cxd5 47. cxd5 Rf8 48. Kd4 1-0

[Event "GER-ch Blitz (Women)"]
[Site "Magdeburg"]
[Date "2021.08.01"]
[Round "3"]
[White "Skogvall, Martina"]
[Black "Zschischang, Marine"]
[Result "0-1"]
[WhiteElo "1992"]
[BlackElo "2070"]
[PlyCount "78"]
[EventDate "2021.08.01"]
[EventType "tourn (blitz)"]
[EventRounds "21"]
[EventCountry "GER"]
[SourceTitle "CBM 203 Extra"]
[Source "ChessBase"]
[SourceDate "2021.09.30"]
[SourceVersion "1"]
[SourceVersionDate "2021.09.30"]
[SourceQuality "1"]

1. e4 e6 2. d4 d5 3. e5 c5 4. Qg4 cxd4 5. Bd3 Nc6 6. Nf3 Qc7 7. Qg3 f5 8. 0-0 g6 9. Re1 Bg7 10. Nbd2 Nge7 11. Nb3 0-0 12. Nbxd4 a6 13. c3 Nxd4 14. cxd4 Bd7 15. Bg5 Bb5 16. Rac1 Qd7 17. Bb1 Rfc8 18. b3 a5 19. Qh4 Nc6 20. Bf6 Nb4 21. Ng5 h6 22. Nf3 Bd3 23. Bxg7 Qxg7 24. Rcd1 Bxb1 25. Rxb1 Nxa2 26. Qg3 Nb4 27. h4 Rc3 28. Qf4 Rac8 29. Rec1 Nd3 30. Rxc3 Rxc3 31. Qd2 Qc7 32. Qxh6 Rc1+ 33. Rxc1 Qxc1+ 34. Qxc1 Nxc1 35. Ng5 Nxb3 36. Nxe6 a4 37. Nc7 a3 38. e6 Kf8 39. Nxd5 a2 0-1